LDR 01395naa#a2200265#i#450# 001 RU\\bibl\124561 005 20260603223933.3 011 ## _a2076-0655 100 ## _a20260529b2026####ek#y0rusy0150####ca 101 0# _aRUS 102 ## _aRU 200 1# _aАДГЕЗИОННЫЕ И ДЕФОРМАЦИОННЫЕ СВОЙСТВА ПРОМЫШЛЕННЫХ ПОЛИУРЕТАНОВЫХ МОНТАЖНЫХ ПЕН _eЖурнальная статья 210 1# _aМосква _cИндивидуальный Предприниматель Самченко Светлана Васильевна _d2026 215 ## _a9 с. 606 ## _aТехника и технологии строительства. 08.06.01 _2local 608 ## _aЖурнальная статья _2local 675 ## _aПолиуретан. 691.175.664 _zRUS 686 ## _aСтроительные материалы и изделия. 383 _2bbk 686 ## _aТеоретические и практические основы строительства. 541 _2tbk 686 ## _aСтроительные материалы и изделия. 67.09 _2grnti 700 #1 _aЗолотарев _gМихаил Евгеньевич 700 #1 _aСтенечкина _gКсения Сергеевна 700 #1 _aНалбандян _gГригор Виленович 700 #1 _aУшков _gВалентин Анатольевич 856 4# _atsilicates.ru _u